000
00272nam a2200109Ia 4500
008
220204s9999 xx 000 0 und d
082
_a
82-36
_b
MAN
100
_a
Manorama Jafa
245
4
_a
The Three idols and other stories
260
_a
Bombay
_b
Subhash
_c
1975
942
_c
BK
999
_c
37490
_d
37490